| 000 | 004300000a22001810004500 | ||
|---|---|---|---|
| 999 |
_c48691 _d48691 |
||
| 001 | 1531 | ||
| 003 | CO-MdFUSB | ||
| 005 | 20170818153312.0 | ||
| 008 | 170818b xxu||||| |||| 00| 0 eng d | ||
| 020 | _a84-666-1639-X | ||
| 040 | _cCO-MdBIC | ||
| 082 | 0 | 4 | _a863N B122j |
| 100 | 1 | _aBach, Richard | |
| 245 | 1 | 0 | _aJuan Salvador Gaviota / Richard Bach |
| 260 | _aBarcelona : Ediciones B, S.A. | ||
| 300 | _a127 P. | ||
| 942 | _cLGB | ||